000 00268nam a2200109Ia 4500
008 220204s9999 xx 000 0 und d
082 _a929 A/Z(CHU)
_bPEL
100 _aPelling, Henry
245 0 _aWinston Churchill
260 _aNew York
_bE P Datta
_c1974
942 _cBK
999 _c31787
_d31787